[Event "DEM U10 2017"]
[Site "Willingen GER"]
[Date "2017.06.05"]
[Round "4"]
[White "Hagner, Bennet"]
[Black "Costa, Leonardo"]
[Result "0-1"]
[Termination "normal"]
[Board "1"]
[WhiteElo "1683"]
[BlackElo "1704"]
[WhiteClock "00:15:43"]
[BlackClock "00:27:15"]
[PlyCount "84"]
[WhiteFideId "16224477"]
[BlackFideId "16213955"]
[EventCountry "GER"]
[EventRounds "11"]
[EventType "swiss"]
[EventDate "2017.06.03"]

1. e4 e5 2. Nf3 Nc6 3. Bb5 a6 4. Bxc6 dxc6 5. d4 exd4 6. Qxd4 Qxd4 7. Nxd4 g6
8. Be3 Bg7 9. c3 Nf6 10. f3 c5 11. Ne2 b6 12. Bf4 Kd7 13. Nd2 Kc6 14. O-O-O Be6
15. Kb1 Rad8 16. Be5 Rhe8 17. Ka1 Nxe4 18. Bxg7 Nxd2 19. b3 Bxb3 20. Nd4+ cxd4
21. Rxd2 Bd5 22. cxd4 Re6 23. Be5 Kb7 24. Kb2 Rde8 25. Rc1 c6 26. Rcc2 f6 27.
Bf4 g5 28. Bg3 Re3 29. Bf2 R3e6 30. a3 f5 31. h3 f4 32. Kc1 b5 33. Rb2 Kc7 34.
Kd1 Bc4 35. Rdc2 Kd7 36. Kc1 Bf1 37. Rd2 Bxg2 38. Bh4 gxh4 39. Rxg2 Re1+ 40.
Kd2 Rh1 41. Rg4 Rh2+ 42. Kc3 Re3+ 0-1

[Event "DEM U10 2017"]
[Site "Willingen GER"]
[Date "2017.06.05"]
[Round "4"]
[White "Rempe, Jonas"]
[Black "Fuchs, Florian"]
[Result "0-1"]
[Termination "normal"]
[Board "2"]
[WhiteElo "1733"]
[BlackElo "1758"]
[WhiteClock "00:02:27"]
[BlackClock "00:39:26"]
[PlyCount "62"]
[WhiteFideId "16202406"]
[BlackFideId "16213351"]
[EventCountry "GER"]
[EventRounds "11"]
[EventType "swiss"]
[EventDate "2017.06.03"]

1. e4 c5 2. Nf3 Nc6 3. Nc3 e6 4. Bc4 a6 5. a3 b5 6. Ba2 Nge7 7. O-O g6 8. Ne2
Bg7 9. c3 c4 10. Bb1 O-O 11. Bc2 Bb7 12. Ng3 d5 13. d4 Qc7 14. e5 a5 15. Bd2
Rfb8 16. Qc1 Ba6 17. Bh6 Bh8 18. Qg5 b4 19. Nh5 Qd8 20. Ba4 Na7 21. Bc2 Nac6
22. Nh4 Nf5 23. Nf6+ Bxf6 24. exf6 Nxh6 25. Qxh6 Qxf6 26. Ba4 Ne7 27. Bc2 bxc3
28. bxc3 Rb2 29. Rac1 Rab8 30. Rfe1 Ra2 31. Re2 Rbb2 0-1

[Event "DEM U10 2017"]
[Site "Willingen GER"]
[Date "2017.06.05"]
[Round "4"]
[White "Bakiev, Diyor"]
[Black "Krüger, Aurelian"]
[Result "0-1"]
[Termination "normal"]
[Board "4"]
[WhiteElo "1111"]
[BlackElo "1657"]
[WhiteClock "00:24:32"]
[BlackClock "00:19:16"]
[PlyCount "130"]
[WhiteFideId "16241584"]
[BlackFideId "16230400"]
[EventCountry "GER"]
[EventRounds "11"]
[EventType "swiss"]
[EventDate "2017.06.03"]

1. e4 e6 2. d4 d5 3. e5 c5 4. c3 Nc6 5. Nf3 Nh6 6. Be2 f6 7. exf6 gxf6 8. dxc5
Nf7 9. Be3 Bd7 10. Qc2 Qc7 11. Na3 a6 12. b4 Nce5 13. Bd4 Nxf3+ 14. Bxf3 e5 15.
Be3 e4 16. Bh5 Bf5 17. Qd2 O-O-O 18. Bxf7 Qxf7 19. Nc2 h5 20. Nd4 Qd7 21. a4
Bg6 22. h3 Be8 23. Qe2 Qe7 24. c6 Bxc6 25. Nxc6 bxc6 26. Qxa6+ Qb7 27. Qxb7+
Kxb7 28. a5 Ka6 29. Ke2 Bd6 30. Bd4 Be5 31. Rhc1 Rhe8 32. Ra2 f5 33. Rb2 f4 34.
Rcb1 Kb5 35. a6 Ra8 36. Ra2 Bxd4 37. cxd4 Rxa6 38. Rxa6 Kxa6 39. Rc1 Kb5 40.
Rc5+ Kb6 41. Rc3 Ra8 42. g3 f3+ 43. Ke3 Ra2 44. Rc1 Re2+ 45. Kf4 Rxf2 46. g4
hxg4 47. hxg4 Rg2 48. Rf1 Kb5 49. g5 Kxb4 50. g6 Rxg6 51. Ke3 Rg2 52. Re1 Re2+
53. Rxe2 fxe2 54. Kxe2 Kc4 55. Ke3 Kc3 56. Ke2 Kxd4 57. Kd2 c5 58. Kd1 Kd3 59.
Kc1 e3 60. Kb2 e2 61. Ka2 e1=Q 62. Kb2 Qc3+ 63. Ka2 Qb4 64. Ka1 Kc2 65. Ka2
Qa4# 0-1

[Event "DEM U10 2017"]
[Site "Willingen GER"]
[Date "2017.06.05"]
[Round "4"]
[White "Prieb, Robert"]
[Black "Strehse, Nelson"]
[Result "1-0"]
[Termination "normal"]
[Board "5"]
[WhiteElo "1583"]
[BlackElo "1042"]
[WhiteClock "00:11:35"]
[BlackClock "00:00:51"]
[PlyCount "63"]
[WhiteFideId "16212002"]
[BlackFideId "16228898"]
[EventCountry "GER"]
[EventRounds "11"]
[EventType "swiss"]
[EventDate "2017.06.03"]

1. d4 d5 2. c4 e6 3. Nc3 Nf6 4. Nf3 c6 5. e3 Nbd7 6. Qc2 Bd6 7. Be2 dxc4 8.
Bxc4 b5 9. Be2 Bb7 10. O-O O-O 11. Rd1 a6 12. e4 Be7 13. Bd3 h6 14. Bf4 c5 15.
d5 exd5 16. exd5 c4 17. Be2 Bc5 18. d6 Qb6 19. Bg3 Rfe8 20. Nh4 Ne4 21. Nxe4
Bxe4 22. Qd2 Rad8 23. Bf3 Nf6 24. Qf4 Qa5 25. Nf5 Nd5 26. Qg4 Bxf5 27. Qxf5 Ne3
28. fxe3 Bxe3+ 29. Kh1 Qb6 30. d7 Re6 31. Bd5 Rf6 32. Qe4 1-0

[Event "DEM U10 2017"]
[Site "Willingen GER"]
[Date "2017.06.05"]
[Round "4"]
[White "von Mettenheim, Johannes"]
[Black "Metzdorf, Matteo"]
[Result "0-1"]
[Termination "normal"]
[Board "6"]
[WhiteElo "1407"]
[BlackElo "1466"]
[WhiteClock "00:26:09"]
[BlackClock "00:01:53"]
[PlyCount "160"]
[WhiteFideId "16244818"]
[BlackFideId "16209869"]
[EventCountry "GER"]
[EventRounds "11"]
[EventType "swiss"]
[EventDate "2017.06.03"]

1. d4 e6 2. c4 d5 3. Nc3 Nf6 4. Bg5 Be7 5. e3 O-O 6. Nf3 Nbd7 7. Rc1 c6 8. Bd3
Re8 9. O-O Nf8 10. Ne5 Ng6 11. Nxg6 hxg6 12. Re1 Qa5 13. Bf4 Qd8 14. h3 Bd6 15.
Bxd6 Qxd6 16. cxd5 exd5 17. Na4 b6 18. Re2 Bb7 19. Rec2 Ne4 20. Nc3 Rad8 21.
Qf1 Nxc3 22. Rxc3 Rc8 23. Ba6 Re7 24. Bxb7 Rxb7 25. Qa6 Rbc7 26. a3 Qd7 27. Qd3
Qf5 28. Qxf5 gxf5 29. b4 Kf8 30. f3 Ke7 31. Kf2 Kd6 32. a4 c5 33. dxc5+ bxc5
34. b5 c4 35. Ke2 Kc5 36. Rb1 Rb8 37. Rcc1 Re7 38. Kd2 Re6 39. g4 fxg4 40. hxg4
Rbe8 41. Re1 Rh6 42. Re2 Rh3 43. Rf2 Re6 44. a5 Re8 45. b6 axb6 46. axb6 Rb8
47. b7 Kc6 48. Kc3 Rxb7 49. Rxb7 Kxb7 50. Kd4 Kc6 51. e4 dxe4 52. fxe4 Rg3 53.
Rf4 c3 54. Rxf7 c2 55. Rf1 Rxg4 56. Rc1 Rg2 57. Kd3 Kc5 58. e5 Kd5 59. Re1 Ke6
60. Kc3 Re2 61. Rg1 Kxe5 62. Kb2 Kf6 63. Rg4 g5 64. Rc4 Kf5 65. Rd4 g4 66. Ra4
g3 67. Ra1 c1=Q+ 68. Kxc1 Re1+ 69. Kb2 Rxa1 70. Kxa1 g2 71. Kb2 g1=Q 72. Kc3
Qd1 73. Kc4 Ke5 74. Kc5 Qc1+ 75. Kb5 Qc3 76. Kb6 Kd5 77. Kb7 Qc6+ 78. Ka7 Qb5
79. Ka8 Kc6 80. Ka7 Qb7# 0-1

[Event "DEM U10 2017"]
[Site "Willingen GER"]
[Date "2017.06.05"]
[Round "4"]
[White "Richter, Nicholas"]
[Black "Reichmann, Felix"]
[Result "1/2-1/2"]
[Termination "normal"]
[Board "7"]
[WhiteElo "1369"]
[BlackElo "1550"]
[WhiteClock "01:03:49"]
[BlackClock "01:07:37"]
[PlyCount "43"]
[WhiteFideId "16244834"]
[BlackFideId "16238290"]
[EventCountry "GER"]
[EventRounds "11"]
[EventType "swiss"]
[EventDate "2017.06.03"]

1. d4 c5 2. e3 Nf6 3. Nf3 b6 4. Bd3 Bb7 5. c4 g6 6. O-O Bg7 7. Nc3 O-O 8. d5 d6
9. e4 Nbd7 10. Re1 Ng4 11. Bc2 Nge5 12. Nxe5 Nxe5 13. Qe2 Ba6 14. Bb3 Bc8 15.
f4 Bg4 16. Qc2 Nd7 17. h3 Nf6 18. hxg4 Nxg4 19. Qe2 Bd4+ 20. Kh1 Nf2+ 21. Kh2
e5 22. g3 1/2-1/2

[Event "DEM U10 2017"]
[Site "Willingen GER"]
[Date "2017.06.05"]
[Round "4"]
[White "Amato, Cristiano"]
[Black "Zielke, Ansgar"]
[Result "1-0"]
[Termination "normal"]
[Board "8"]
[WhiteElo "1505"]
[BlackElo "1450"]
[WhiteClock "00:53:36"]
[BlackClock "00:03:33"]
[PlyCount "67"]
[WhiteFideId "12998460"]
[BlackFideId "16244800"]
[EventCountry "GER"]
[EventRounds "11"]
[EventType "swiss"]
[EventDate "2017.06.03"]

1. e4 c5 2. Nf3 Nc6 3. d4 cxd4 4. Nxd4 Nf6 5. Nc3 e6 6. a3 Bc5 7. Nxc6 bxc6 8.
e5 Nd5 9. Ne4 Be7 10. c4 Nb6 11. Bd3 c5 12. Bf4 Bb7 13. O-O Rc8 14. b3 Bxe4 15.
Bxe4 h6 16. Re1 O-O 17. Bc2 f5 18. Qd3 Bg5 19. Bxg5 Qxg5 20. a4 Rfd8 21. a5 Na8
22. Rad1 Rc6 23. Qf3 Nc7 24. Rf1 Na6 25. Rxd7 Nb4 26. Rb7 Ra6 27. Rxb4 cxb4 28.
Qb7 Rxa5 29. Qc7 Ra2 30. f4 Qh4 31. g3 Qh3 32. Qxd8+ Kh7 33. Qd2 Qh5 34. Bxf5+
1-0

[Event "DEM U10 2017"]
[Site "Willingen GER"]
[Date "2017.06.05"]
[Round "4"]
[White "Zweigait, Leon"]
[Black "Fuhrmann, Bahne"]
[Result "0-1"]
[Termination "normal"]
[Board "9"]
[WhiteElo "1442"]
[BlackElo "1365"]
[WhiteClock "00:51:55"]
[BlackClock "00:26:39"]
[PlyCount "82"]
[WhiteFideId "16201388"]
[BlackFideId "16244842"]
[EventCountry "GER"]
[EventRounds "11"]
[EventType "swiss"]
[EventDate "2017.06.03"]

1. c4 b6 2. g3 Bb7 3. Nf3 e6 4. Bg2 Nf6 5. Nc3 Bb4 6. O-O c5 7. a3 Bxc3 8. bxc3
O-O 9. d4 d6 10. Rb1 Qc7 11. Bf4 Rd8 12. Qb3 Nbd7 13. Rfd1 Nf8 14. dxc5 Qxc5
15. Qb4 Qxb4 16. cxb4 d5 17. Ne5 Ng6 18. Nxg6 hxg6 19. Rd4 Rd7 20. Rbd1 Rad8
21. Bg5 Kf8 22. e4 e5 23. Bxf6 gxf6 24. R4d2 d4 25. f4 Rc8 26. Rc1 Rdc7 27.
Rdc2 b5 28. c5 a6 29. h4 Kg7 30. Kh2 Bc6 31. Re1 Ra8 32. Bf1 Rca7 33. Rb2 Rh8
34. Bd3 Raa8 35. Kg2 exf4 36. gxf4 Rxh4 37. Kg3 Rah8 38. Bf1 f5 39. exf5 gxf5
40. Rd2 Rg4+ 41. Kf2 Rh2+ 0-1

[Event "DEM U10 2017"]
[Site "Willingen GER"]
[Date "2017.06.05"]
[Round "4"]
[White "Klühs, Gustaf"]
[Black "Kageler, Anton Paul"]
[Result "1-0"]
[Termination "normal"]
[Board "10"]
[WhiteElo "1620"]
[BlackElo "1341"]
[WhiteClock "00:39:56"]
[BlackClock "00:56:19"]
[PlyCount "137"]
[WhiteFideId "16228936"]
[BlackFideId "16244850"]
[EventCountry "GER"]
[EventRounds "11"]
[EventType "swiss"]
[EventDate "2017.06.03"]

1. Nf3 Nf6 2. g3 d5 3. Bg2 Bg4 4. O-O e6 5. d3 Bd6 6. Nbd2 Nbd7 7. c3 Qe7 8.
Qc2 O-O-O 9. b4 h5 10. a4 Bxf3 11. Bxf3 h4 12. a5 hxg3 13. fxg3 Ne5 14. Bg2
Neg4 15. Nf3 Rh7 16. a6 b6 17. Qa4 Rdh8 18. h3 Ne5 19. Ng5 Rh5 20. d4 Nc4 21.
g4 R5h6 22. Qc6 Bg3 23. Qb7+ Kd7 24. Qxa7 Rc8 25. e4 Rhh8 26. e5 Ra8 27. exf6
gxf6 28. Qxa8 Rxa8 29. Nf3 Qd8 30. Nd2 Nxd2 31. Bxd2 Qc8 32. b5 c6 33. Rf3 Bh4
34. Bf1 c5 35. Rc1 Ke7 36. dxc5 Qxc5+ 37. Be3 Qc7 38. c4 Bg5 39. Bxg5 fxg5 40.
Rfc3 Qc5+ 41. Kh1 Rc8 42. Bg2 dxc4 43. Rxc4 Qxc4 44. Rxc4 Rxc4 45. a7 Ra4 46.
a8=Q Rxa8 47. Bxa8 Kf6 48. Kg2 Ke5 49. Kf3 f5 50. gxf5 exf5 51. Bc6 Kd4 52. Kg3
Ke3 53. h4 f4+ 54. Kg4 gxh4 55. Kxh4 f3 56. Kg3 f2 57. Bg2 Ke2 58. Kf4 Kd3 59.
Ke5 Kc4 60. Bf1+ Kc5 61. Ke4 Kd6 62. Ke3 Kc5 63. Kxf2 Kd6 64. Ke3 Kc5 65. Ke4
Kd6 66. Kf5 Kd5 67. Be2 Kd6 68. Ke4 Kc5 69. Ke5 1-0

[Event "DEM U10 2017"]
[Site "Willingen GER"]
[Date "2017.06.05"]
[Round "4"]
[White "Fuchs, Thomas"]
[Black "Ehrig, Leon Chris"]
[Result "1/2-1/2"]
[Termination "normal"]
[Board "11"]
[WhiteElo "1366"]
[BlackElo "1484"]
[WhiteClock "01:12:56"]
[BlackClock "01:16:08"]
[PlyCount "43"]
[WhiteFideId "16230574"]
[BlackFideId "16244796"]
[EventCountry "GER"]
[EventRounds "11"]
[EventType "swiss"]
[EventDate "2017.06.03"]

1. d4 d5 2. c4 e6 3. Nc3 Nf6 4. Bg5 Be7 5. Nf3 O-O 6. e3 b6 7. Bd3 Bb7 8. Qc2
h6 9. Bh4 Nbd7 10. cxd5 exd5 11. O-O Rc8 12. Ne5 Nxe5 13. dxe5 Ne4 14. Bxe7
Qxe7 15. Bxe4 dxe4 16. Nxe4 Qxe5 17. Ng3 Qd5 18. e4 Qc6 19. Qxc6 Bxc6 20. Rac1
Bb5 21. Rfd1 c5 22. Rd6 1/2-1/2

[Event "DEM U10 2017"]
[Site "Willingen GER"]
[Date "2017.06.05"]
[Round "4"]
[White "Deuer, Marius"]
[Black "Böhm, Karl"]
[Result "1-0"]
[Termination "normal"]
[Board "12"]
[WhiteElo "1698"]
[BlackElo "1516"]
[WhiteClock "00:53:33"]
[BlackClock "00:59:17"]
[PlyCount "127"]
[WhiteFideId "16236432"]
[BlackFideId "16209800"]
[EventCountry "GER"]
[EventRounds "11"]
[EventType "swiss"]
[EventDate "2017.06.03"]

1. e4 e5 2. Nf3 Nc6 3. Bb5 d6 4. d4 exd4 5. Nxd4 Bd7 6. Nc3 Nf6 7. O-O Be7 8.
Re1 O-O 9. Nxc6 bxc6 10. Ba4 d5 11. f3 Re8 12. Be3 Bb4 13. Bd4 c5 14. Bxf6 gxf6
15. Bxd7 Qxd7 16. Nxd5 Qc6 17. c3 Ba5 18. Qd2 Kg7 19. Ne3 c4 20. Nf5+ Kh8 21.
Qh6 Qb6+ 22. Kh1 Rg8 23. Re2 Rad8 24. Ne7 Rg7 25. Nd5 Qd6 26. Qxf6 Qxf6 27.
Nxf6 Rg6 28. Nd5 Rgd6 29. Ne3 Bb6 30. Nxc4 Rd1+ 31. Re1 Rxe1+ 32. Rxe1 Bf2 33.
Rf1 Kg7 34. g3 Bb6 35. Nxb6 cxb6 36. Kg2 Rd2+ 37. Rf2 Rd1 38. Re2 Kf6 39. Kf2
Rh1 40. Ke3 Rd1 41. f4 h5 42. Rd2 Re1+ 43. Kd4 Ke6 44. c4 Rc1 45. b4 Rb1 46.
Kc3 Rc1+ 47. Kb3 Rb1+ 48. Ka4 a6 49. c5 bxc5 50. bxc5 Rc1 51. Rd5 Rc2 52. Rxh5
Rxa2+ 53. Kb3 Ra5 54. Re5+ Kd7 55. h4 Kc6 56. h5 Rb5+ 57. Kc4 a5 58. h6 a4 59.
h7 Rb8 60. Re7 Ra8 61. Ra7 Rxa7 62. h8=Q a3 63. Qf6+ Kd7 64. Qxf7+ 1-0

[Event "DEM U10 2017"]
[Site "Willingen GER"]
[Date "2017.06.05"]
[Round "4"]
[White "Schott, Andy"]
[Black "Morczynski, Joachim"]
[Result "0-1"]
[Termination "normal"]
[Board "13"]
[WhiteElo "1143"]
[BlackElo "1645"]
[PlyCount "86"]
[WhiteFideId "16244940"]
[BlackFideId "16209745"]
[EventCountry "GER"]
[EventRounds "11"]
[EventType "swiss"]
[EventDate "2017.06.03"]

1. e4 d6 2. d4 Nf6 3. Nc3 g6 4. Bc4 Bg7 5. Nf3 O-O 6. Bf4 c6 7. Qe2 b5 8. Bb3
a5 9. a4 b4 10. Nd1 Ba6 11. Bc4 Bxc4 12. Qxc4 Nxe4 13. O-O d5 14. Qd3 Qb6 15.
c3 Nd7 16. Nd2 Ndf6 17. Re1 Nxd2 18. Qxd2 Ne4 19. Qd3 Rfe8 20. f3 Nd6 21. Nf2
Rad8 22. Ng4 Nf5 23. Ne5 f6 24. Ng4 e5 25. Bg3 exd4 26. cxd4 Qxd4+ 27. Qxd4
Nxd4 28. Rac1 Ne2+ 29. Rxe2 Rxe2 30. b3 f5 31. Bh4 Rde8 32. Nf6+ Bxf6 33. Bxf6
Re1+ 34. Rxe1 Rxe1+ 35. Kf2 Rb1 36. Bd8 Rxb3 37. Bxa5 c5 38. Ke2 Ra3 39. Bb6 c4
40. Be3 Rxa4 41. Kd2 Ra2+ 42. Kc1 Rxg2 43. Bf4 Rf2 0-1

[Event "DEM U10 2017"]
[Site "Willingen GER"]
[Date "2017.06.05"]
[Round "4"]
[White "Schwartz, Oliver"]
[Black "Tran Minh, Hieu"]
[Result "1-0"]
[Termination "normal"]
[Board "14"]
[WhiteElo "1517"]
[BlackElo "1315"]
[PlyCount "97"]
[WhiteFideId "16207459"]
[BlackFideId "16244877"]
[EventCountry "GER"]
[EventRounds "11"]
[EventType "swiss"]
[EventDate "2017.06.03"]

1. e4 e5 2. Nf3 Nc6 3. Bc4 Bc5 4. c3 Nf6 5. d3 h6 6. O-O d6 7. h3 O-O 8. Nbd2
Be6 9. Bb3 Qd7 10. Re1 Rad8 11. Nf1 Ne7 12. Ng3 Ng6 13. Be3 Bb6 14. d4 Qe7 15.
Qd2 Kh7 16. Rad1 Rfe8 17. Nf5 Bxf5 18. exf5 Nf8 19. Qc1 N6d7 20. Bc2 f6 21. Nh4
c6 22. Ng6 Nxg6 23. fxg6+ Kg8 24. Bb3+ d5 25. c4 Nf8 26. cxd5 cxd5 27. Qb1 Ba5
28. Bd2 Bxd2 29. Rxd2 Qe6 30. dxe5 fxe5 31. Red1 Qxg6 32. Bxd5+ Kh8 33. Qxg6
Nxg6 34. Bf7 Rxd2 35. Rxd2 Rb8 36. Bxg6 b6 37. Rd7 a5 38. Re7 Kg8 39. Re8+ Rxe8
40. Bxe8 Kf8 41. Bb5 Ke7 42. Kf1 Kd6 43. b3 Kc5 44. Bc4 Kb4 45. a4 Kc5 46. Ke2
Kd6 47. Ke3 Ke7 48. Ke4 Kf6 49. Kd5 1-0

[Event "DEM U10 2017"]
[Site "Willingen GER"]
[Date "2017.06.05"]
[Round "4"]
[White "Hecht, Jonas Christian"]
[Black "Willsch, Justin"]
[Result "1-0"]
[Termination "normal"]
[Board "15"]
[WhiteElo "1465"]
[BlackElo "1221"]
[PlyCount "89"]
[WhiteFideId "16214846"]
[BlackFideId "16229762"]
[EventCountry "GER"]
[EventRounds "11"]
[EventType "swiss"]
[EventDate "2017.06.03"]

1. e4 e6 2. d4 d5 3. Nc3 h6 4. Bd3 Bb4 5. Nge2 Nf6 6. Bd2 Bxc3 7. Nxc3 dxe4 8.
Nxe4 Nxe4 9. Bxe4 Qxd4 10. Qf3 Qxb2 11. O-O c6 12. Bc3 Qa3 13. Bxg7 Qxf3 14.
Bxf3 Rh7 15. Bc3 h5 16. Rfe1 Nd7 17. Be4 Rh6 18. Bg7 Rf6 19. Bxf6 Nxf6 20. Bf3
Bd7 21. Rab1 O-O-O 22. Rb2 b6 23. c4 c5 24. h3 h4 25. Ra1 Ba4 26. Re1 Rd4 27.
Rc1 e5 28. Bg4+ Nxg4 29. hxg4 Rxg4 30. Re2 f6 31. f3 Rf4 32. Re3 Kc7 33. Ra3
Bc6 34. Rxa7+ Bb7 35. Ra3 Rd4 36. Rac3 Rd2 37. R3c2 Rd4 38. Rb2 Ba6 39. Rbc2
Kb7 40. Kf2 Kc6 41. Ke3 Kc7 42. a4 f5 43. a5 bxa5 44. Ra1 Bxc4 45. Rac1 1-0

[Event "DEM U10 2017"]
[Site "Willingen GER"]
[Date "2017.06.05"]
[Round "4"]
[White "Phan Trong, Dai"]
[Black "Neuwirth, Mark"]
[Result "1-0"]
[Termination "normal"]
[Board "16"]
[WhiteElo "1392"]
[BlackElo "1123"]
[PlyCount "131"]
[WhiteFideId "16236939"]
[BlackFideId "16244958"]
[EventCountry "GER"]
[EventRounds "11"]
[EventType "swiss"]
[EventDate "2017.06.03"]

1. c4 e5 2. Nc3 Nc6 3. g3 Nf6 4. Bg2 Bc5 5. e3 d6 6. Nge2 a6 7. O-O Bf5 8. a3
O-O 9. b4 Ba7 10. Bb2 Qd7 11. Re1 Bh3 12. Bh1 Qf5 13. Qb1 Qxb1 14. Raxb1 Rab8
15. Rbc1 Ne7 16. f4 exf4 17. Nxf4 Be6 18. Ncd5 Nfxd5 19. cxd5 Bf5 20. Rxc7 Ng6
21. Kf2 h6 22. Rg1 Rfc8 23. Rxc8+ Rxc8 24. Bc3 Nxf4 25. gxf4 g6 26. h4 h5 27.
Bf3 Kh7 28. Rg5 Kh6 29. Ke2 Bd7 30. Be4 Bg4+ 31. Kd3 Bb6 32. Bf6 Bd8 33. Bxd8
Rxd8 34. f5 Rg8 35. a4 Kh7 36. fxg6+ fxg6 37. Kd4 Kh6 38. Kd3 Bd7 39. a5 Bg4
40. Kc4 Bd7 41. Bb1 Be8 42. Rg2 g5 43. hxg5+ Rxg5 44. Rf2 Bb5+ 45. Kd4 Rg4+ 46.
e4 Kg6 47. Ke3 Rg3+ 48. Rf3 Rxf3+ 49. Kxf3 Kf6 50. Kf4 Bf1 51. d4 h4 52. e5+
Ke7 53. Bf5 h3 54. Kg3 Bg2 55. Be6 Bf1 56. Bxh3 Bxh3 57. Kxh3 dxe5 58. dxe5 Kd7
59. e6+ Kd6 60. Kg4 b5 61. axb6 a5 62. bxa5 Ke7 63. b7 Kf6 64. b8=Q Ke7 65. Qe5
Ke8 66. Qg7 1-0

[Event "DEM U10 2017"]
[Site "Willingen GER"]
[Date "2017.06.05"]
[Round "4"]
[White "Breitkopf-Lazar, Patrick-Robert"]
[Black "Hänselmann, Hendrik"]
[Result "1/2-1/2"]
[Termination "normal"]
[Board "17"]
[WhiteElo "1297"]
[BlackElo "1461"]
[PlyCount "107"]
[WhiteFideId "16213742"]
[BlackFideId "16232755"]
[EventCountry "GER"]
[EventRounds "11"]
[EventType "swiss"]
[EventDate "2017.06.03"]

1. e4 c5 2. d4 cxd4 3. c3 dxc3 4. Nxc3 Nc6 5. Nf3 d6 6. Bc4 a6 7. a3 Nf6 8. O-O
e6 9. Qe2 b5 10. Ba2 Ra7 11. Be3 Rd7 12. Rac1 Bb7 13. Rfd1 Be7 14. Rd2 O-O 15.
Ng5 Re8 16. Nxe6 fxe6 17. Bxe6+ Kh8 18. Bxd7 Qxd7 19. Bf4 Qe6 20. Rcd1 Rd8 21.
Nd5 Qxe4 22. Qxe4 Nxe4 23. Re2 Bf8 24. Rxe4 Ne7 25. Rxe7 Bxd5 26. Ree1 Bc4 27.
Bg5 Rc8 28. Rc1 Rb8 29. b4 d5 30. Be7 Bxe7 31. Rxe7 h6 32. Rd7 Ra8 33. h3 a5
34. Rc2 axb4 35. axb4 Ra1+ 36. Kh2 Rb1 37. Rd2 Rxb4 38. R7xd5 Bxd5 39. Rxd5 Kg8
40. Rd7 Rb1 41. Rb7 b4 42. Kg3 b3 43. h4 b2 44. h5 Kh7 45. Rb8 Rh1 46. Rxb2
Rxh5 47. Rb6 Rc5 48. f4 h5 49. Rb3 Kg6 50. Rb6+ Kf5 51. Rb4 g5 52. fxg5 Kxg5
53. Kh2 Re5 54. Rc4 1/2-1/2

[Event "DEM U10 2017"]
[Site "Willingen GER"]
[Date "2017.06.05"]
[Round "4"]
[White "Müller, Maximilian"]
[Black "Grabs, Peter"]
[Result "1-0"]
[Termination "normal"]
[Board "18"]
[WhiteElo "1234"]
[BlackElo "1281"]
[PlyCount "75"]
[WhiteFideId "16243552"]
[BlackFideId "16203887"]
[EventCountry "GER"]
[EventRounds "11"]
[EventType "swiss"]
[EventDate "2017.06.03"]

1. d4 d5 2. Nf3 Nf6 3. e3 Bf5 4. Bd3 Bxd3 5. Qxd3 a6 6. Nbd2 e6 7. b3 Nbd7 8.
Bb2 c5 9. O-O Rc8 10. Ne5 b5 11. c4 bxc4 12. bxc4 dxc4 13. Ndxc4 cxd4 14. exd4
Nxe5 15. Nxe5 a5 16. Qb5+ Nd7 17. Nxd7 Qxd7 18. Qxa5 Bd6 19. Rac1 O-O 20. Qg5
Qb7 21. Rxc8 Rxc8 22. Ba1 Rb8 23. d5 Bf8 24. d6 Qa7 25. h3 Rb6 26. Bd4 f6 27.
Bxb6 Qxb6 28. Qg4 Qxd6 29. Qg3 Qd5 30. a4 Bd6 31. Qe3 Bc7 32. g3 Qd6 33. Re1 e5
34. Qb3+ Kh8 35. Rd1 Qc5 36. Qb8+ Bxb8 37. Rd8+ Qf8 38. Rxf8# 1-0

[Event "DEM U10 2017"]
[Site "Willingen GER"]
[Date "2017.06.05"]
[Round "4"]
[White "Bungarten, Jona"]
[Black "Greßler, Christian"]
[Result "0-1"]
[Termination "normal"]
[Board "19"]
[WhiteElo "1726"]
[BlackElo "1198"]
[PlyCount "96"]
[WhiteFideId "16223608"]
[BlackFideId "16244907"]
[EventCountry "GER"]
[EventRounds "11"]
[EventType "swiss"]
[EventDate "2017.06.03"]

1. e4 e5 2. Nf3 Nc6 3. Bc4 Bc5 4. b4 Bxb4 5. c3 Be7 6. d4 Na5 7. Nxe5 Nxc4 8.
Nxc4 d5 9. exd5 Qxd5 10. Ne3 Qa5 11. Qf3 Nf6 12. O-O O-O 13. Nc4 Qd5 14. Qxd5
Nxd5 15. Ne3 Be6 16. Re1 Rad8 17. Nxd5 Rxd5 18. Be3 Rh5 19. Nd2 Bd6 20. h3 f5
21. Nf3 Bd5 22. Nh2 Rf6 23. f4 Rg6 24. g4 fxg4 25. hxg4 Rh3 26. Re2 Rgh6 27.
Rae1 Rg3+ 28. Kf1 Bc4 29. f5 Rxh2 30. a4 Bxe2+ 31. Rxe2 Rxe2 32. Kxe2 Rxg4 33.
Kf3 Rg3+ 34. Ke2 h5 35. c4 h4 36. Bf2 Rg4 37. Kf3 Rf4+ 38. Ke3 h3 39. Bg1 Rxf5
40. Ke4 Rh5 41. c5 h2 42. Bxh2 Bxh2 43. d5 Rh4+ 44. Kf3 Rxa4 45. d6 cxd6 46.
cxd6 Bxd6 47. Ke3 b5 48. Kd3 g5 0-1

[Event "DEM U10 2017"]
[Site "Willingen GER"]
[Date "2017.06.05"]
[Round "4"]
[White "Meusel, Johannes"]
[Black "Stork, Christopher"]
[Result "0-1"]
[Termination "normal"]
[Board "20"]
[WhiteElo "1212"]
[BlackElo "1630"]
[PlyCount "90"]
[WhiteFideId "16244893"]
[BlackFideId "16215400"]
[EventCountry "GER"]
[EventRounds "11"]
[EventType "swiss"]
[EventDate "2017.06.03"]

1. e4 c5 2. Nf3 Nc6 3. d4 cxd4 4. Nxd4 g6 5. Nc3 Bg7 6. Nxc6 bxc6 7. Bc4 d6 8.
Qf3 e6 9. O-O d5 10. Rd1 Ne7 11. Bf4 Qa5 12. exd5 exd5 13. Re1 Be6 14. Bb3 O-O
15. Bd6 Rfe8 16. Qg3 Nf5 17. Bc7 Qxc3 18. Qxc3 Bxc3 19. bxc3 a5 20. a4 Rec8 21.
Be5 c5 22. c4 dxc4 23. Ba2 Ne7 24. Bd6 Nf5 25. Be5 Nd4 26. Rac1 Ra6 27. Re4 Bf5
28. Bxc4 Rb6 29. Rf4 Rb4 30. Bxd4 cxd4 31. Bxf7+ Kxf7 32. g4 d3 33. Rxb4 axb4
34. gxf5 b3 35. fxg6+ Kxg6 36. a5 b2 37. Rb1 dxc2 38. Rxb2 c1=Q+ 39. Kg2 Qxb2
40. a6 Rc2 41. a7 Rxf2+ 42. Kg3 Rg2+ 43. Kh3 Rxh2+ 44. Kg3 Qf2+ 45. Kg4 Rh4#
0-1

[Event "DEM U10 2017"]
[Site "Willingen GER"]
[Date "2017.06.05"]
[Round "4"]
[White "Cromm, Mika"]
[Black "Bolz, Jannis"]
[Result "0-1"]
[Termination "normal"]
[Board "21"]
[WhiteElo "1175"]
[BlackElo "1333"]
[PlyCount "142"]
[WhiteFideId "16244915"]
[BlackFideId "16214897"]
[EventCountry "GER"]
[EventRounds "11"]
[EventType "swiss"]
[EventDate "2017.06.03"]

1. d4 Nf6 2. c4 e6 3. Nc3 d5 4. Nf3 Nbd7 5. Bf4 c5 6. e3 Be7 7. Bd3 O-O 8. O-O
b6 9. Qc2 h6 10. h3 Bb7 11. Qe2 Re8 12. Rfe1 Rc8 13. Rac1 dxc4 14. Bxc4 cxd4
15. exd4 Bxf3 16. gxf3 Nh5 17. Be3 Qc7 18. Bd3 Nf4 19. Bxf4 Qxf4 20. Qe4 Qxe4
21. Rxe4 Nf6 22. Ree1 Red8 23. Rcd1 Nh5 24. a3 Nf4 25. Kh2 Nxd3 26. Rxd3 Bf6
27. Re4 Rc4 28. d5 Rxe4 29. fxe4 Be5+ 30. Kg2 exd5 31. exd5 Kf8 32. Kf1 Ke7 33.
Ke2 a6 34. Ke3 Bf6 35. Rd1 b5 36. f4 Kd7 37. Ke4 Re8+ 38. Kf3 Rc8 39. Rd3 g6
40. Re3 Bg7 41. Rd3 f5 42. Kf2 Kd6 43. Ke3 Rc5 44. Kd2 Bxc3+ 45. Rxc3 Rxc3 46.
bxc3 Kxd5 47. Kd3 a5 48. h4 h5 49. Ke3 Kc4 50. Kd2 Kb3 51. Kd3 Kxa3 52. Kc2 b4
53. c4 b3+ 54. Kb1 Kb4 55. c5 Kxc5 56. Kb2 Kb4 57. Ka1 a4 58. Kb1 a3 59. Ka1
b2+ 60. Kb1 Kc4 61. Kc2 Kd4 62. Kb1 Ke4 63. Ka2 Kxf4 64. Kb1 Kg4 65. Ka2 f4 66.
Kb1 f3 67. Ka2 f2 68. Kb1 f1=Q+ 69. Ka2 Qc4+ 70. Kb1 Qc1+ 71. Ka2 b1=Q# 0-1